000
00341nam a2200145Ia 4500
008
090124s9999 xx 000 0 und d
082
_b
303463
245
_a
फुकट
250
_a
1
260
_b
मिरासदार द.मा.
_c
1993
300
_a
160
630
_a
फुकट
730
_a
फुकट
942
_c
BOOK
999
_c
193100
_d
193100